स्मरणरेखा (Record no. 1257119)

MARC details
000 -LEADER
fixed length control field 00558nam a2200193Ia 4500
008 - FIXED-LENGTH DATA ELEMENTS--GENERAL INFORMATION
fixed length control field 151121s9999||||xx |||||||||||||| ||und||
082 ## - DEWEY DECIMAL CLASSIFICATION NUMBER
Classification number 818/फडके
082 ## - DEWEY DECIMAL CLASSIFICATION NUMBER
Item number HNW-75686
100 ## - MAIN ENTRY--PERSONAL NAME
Personal name फडके य। दि।
245 ## - TITLE STATEMENT
Title स्मरणरेखा
260 ## - PUBLICATION, DISTRIBUTION, ETC. (IMPRINT)
Name of publisher, distributor, etc "शब्द, सातारा।"
260 ## - PUBLICATION, DISTRIBUTION, ETC. (IMPRINT)
Date of publication, distribution, etc --
300 ## - PHYSICAL DESCRIPTION
Extent 119
600 ## - SUBJECT ADDED ENTRY--PERSONAL NAME
Personal name फडके य। दि।
630 ## - SUBJECT ADDED ENTRY--UNIFORM TITLE
Uniform title स्मरणरेखा
700 ## - ADDED ENTRY--PERSONAL NAME
Personal name फडके य। दि।
730 ## - ADDED ENTRY--UNIFORM TITLE
Uniform title स्मरणरेखा
942 ## - ADDED ENTRY ELEMENTS (KOHA)
Koha item type Book
Holdings
Withdrawn status Lost status Damaged status Not for loan Home library Current library Date acquired Cost, normal purchase price Total Checkouts Full call number Barcode Date last seen Cost, replacement price Price effective from Koha item type
        Hirachand Nemchand Wachanalaya, Solapur Hirachand Nemchand Wachanalaya, Solapur 11/21/2015 90.00   HNW-75686 HNW-75686 11/21/2015 90.00 11/21/2015 Book